000 00663nam a22002057a 4500
005 20160907125617.0
010 _aENG-115949
020 _a9789350357125
_c1850.00
035 _aEN-99481
037 _bDBAD/PUB
082 _a342.5406
100 _aBanerjee,Bhaskar Prosad
245 _aJudicial control of administrative action /
_cby Bhaskar Prosad Banerjee
250 _a3rd ed.
260 _aGurgaon
_bLexisNexis
_c2016
270 _a14th Floor, Building No.10, Tower-B, DLF Cyber City, Phase-II
_bGurgaon (Haryana)
_e122002
300 _accxxiii1626 p.
_c25cm(Hb.)
500 _aIncludes index
942 _2ddc
_cEN
_mBAN
_h342.5406
999 _c103064
_d103064